<?xml version="1.0" encoding="UTF-8"?>
<record
    xmlns:xsi="http://www.w3.org/2001/XMLSchema-instance"
    xsi:schemaLocation="http://www.loc.gov/MARC21/slim http://www.loc.gov/standards/marcxml/schema/MARC21slim.xsd"
    xmlns="http://www.loc.gov/MARC21/slim">

  <leader>01834nam a2200349 a 4500</leader>
  <controlfield tag="001">BRCA_5021</controlfield>
  <controlfield tag="005">20190320204916.0</controlfield>
  <controlfield tag="008">011110s1769----mx-######v---#000-0#spa-#</controlfield>
  <datafield tag="041" ind1=" " ind2=" ">
    <subfield code="a">spa</subfield>
  </datafield>
  <datafield tag="044" ind1=" " ind2=" ">
    <subfield code="a">mx</subfield>
  </datafield>
  <datafield tag="084" ind1=" " ind2=" ">
    <subfield code="a">DOC78</subfield>
    <subfield code="b">.B67</subfield>
    <subfield code="c">1769</subfield>
  </datafield>
  <datafield tag="100" ind1="1" ind2=" ">
    <subfield code="a">Borda, Jos&#xE9; de la</subfield>
    <subfield code="9">12805</subfield>
  </datafield>
  <datafield tag="245" ind1="1" ind2="0">
    <subfield code="a">Documento propiedad de Don Jos&#xE9; de la Borda y Don Manuel de la Borda</subfield>
    <subfield code="c">Jos&#xE9; de la Borda ... [et al].</subfield>
  </datafield>
  <datafield tag="260" ind1=" " ind2=" ">
    <subfield code="a">M&#xE9;xico</subfield>
    <subfield code="c">1769</subfield>
  </datafield>
  <datafield tag="300" ind1=" " ind2=" ">
    <subfield code="a">[25] fojas</subfield>
    <subfield code="c">31 x 21 cm.</subfield>
  </datafield>
  <datafield tag="500" ind1=" " ind2=" ">
    <subfield code="a">Documento firmado el 1 de agosto de 1769.</subfield>
  </datafield>
  <datafield tag="500" ind1=" " ind2=" ">
    <subfield code="a">Documento propiedad de Don Jos&#xE9; de la Borda y Don Manuel de la Borda, que certifica los autos de concurso de acreedores presentados para los bienes y haciendas del Capit&#xE1;n Don Gaspar Garc&#xED;a de Rivero y su mujer Do&#xF1;a Clara Mart&#xED;nez de la Pi&#xF1;uela, a favor de Do&#xF1;a Mar&#xED;a Josefa de Oviedo. Firmado por Don Antonio Rodr&#xED;guez Moreno, escribano p&#xFA;blico y notario, Oficial Mayor Interino de Secuestros del Santo Oficio de la Inquisici&#xF3;n y de la Hacienda del Real Fisco.</subfield>
  </datafield>
  <datafield tag="500" ind1=" " ind2=" ">
    <subfield code="a">El documento contiene la leyenda DOC. #238.</subfield>
  </datafield>
  <datafield tag="500" ind1=" " ind2=" ">
    <subfield code="a">Estado de conservaci&#xF3;n: contiene  lagunas en la parte inferior y manchas en gran parte del documento.</subfield>
    <subfield code="3">Manuscrito</subfield>
  </datafield>
  <datafield tag="506" ind1="0" ind2=" ">
    <subfield code="a">Fondo Reservado. Para su consulta es necesario credencial de usuario y carta de motivos.</subfield>
  </datafield>
  <datafield tag="546" ind1=" " ind2=" ">
    <subfield code="a">Texto en: Espa&#xF1;ol de mediados del siglo XVIII.</subfield>
  </datafield>
  <datafield tag="600" ind1="1" ind2="4">
    <subfield code="a">Borda, Jos&#xE9; de la</subfield>
    <subfield code="x">Historia</subfield>
    <subfield code="9">12767</subfield>
  </datafield>
  <datafield tag="650" ind1="1" ind2="4">
    <subfield code="a">Documentos legales</subfield>
    <subfield code="v">Manuscritos</subfield>
    <subfield code="9">12806</subfield>
  </datafield>
  <datafield tag="651" ind1=" " ind2="4">
    <subfield code="a">M&#xE9;xico</subfield>
    <subfield code="x">Historia</subfield>
    <subfield code="y">Colonia, 1521-1821</subfield>
    <subfield code="9">12461</subfield>
  </datafield>
  <datafield tag="700" ind1="1" ind2=" ">
    <subfield code="a">Borda, Manuel de la</subfield>
    <subfield code="9">12807</subfield>
  </datafield>
  <datafield tag="700" ind1="1" ind2=" ">
    <subfield code="a">Rodr&#xED;guez, Moreno Antonio</subfield>
    <subfield code="c">Escribano</subfield>
    <subfield code="9">12808</subfield>
  </datafield>
  <datafield tag="700" ind1="1" ind2=" ">
    <subfield code="a">Garc&#xED;a de Rivero, Gaspar</subfield>
    <subfield code="9">12809</subfield>
  </datafield>
  <datafield tag="700" ind1="1" ind2=" ">
    <subfield code="a">Mart&#xED;nez de la Pi&#xF1;uela, Clara</subfield>
    <subfield code="9">12810</subfield>
  </datafield>
  <datafield tag="700" ind1="1" ind2=" ">
    <subfield code="a">Oviedo, Mar&#xED;a Josefa de</subfield>
    <subfield code="9">12811</subfield>
  </datafield>
  <datafield tag="902" ind1=" " ind2=" ">
    <subfield code="a">FDH</subfield>
  </datafield>
  <datafield tag="942" ind1=" " ind2=" ">
    <subfield code="2">lcc</subfield>
    <subfield code="c">D</subfield>
  </datafield>
  <datafield tag="999" ind1=" " ind2=" ">
    <subfield code="c">4715</subfield>
    <subfield code="d">4715</subfield>
  </datafield>
  <datafield tag="952" ind1=" " ind2=" ">
    <subfield code="0">0</subfield>
    <subfield code="1">0</subfield>
    <subfield code="4">0</subfield>
    <subfield code="7">0</subfield>
    <subfield code="a">BRCA</subfield>
    <subfield code="b">BRCA</subfield>
    <subfield code="d">2010-11-01</subfield>
    <subfield code="l">0</subfield>
    <subfield code="o">DOC78 .B67 1769</subfield>
    <subfield code="p">5109</subfield>
    <subfield code="r">2019-03-22 00:00:00</subfield>
    <subfield code="w">2019-03-22</subfield>
    <subfield code="y">D</subfield>
  </datafield>
</record>
